| 000 | 01350nam0a22002891 4500 | ||
|---|---|---|---|
| 001 | rc\3795640 | ||
| 005 | 20120311164018.5 | ||
| 021 |
_aRU _b[75-15516] |
||
| 035 | _a(NLR Aleph) 007253826 | ||
| 090 |
_a5233918 _c5233918 |
||
| 100 | _a20120311d1975 |||y0rusy50 ca | ||
| 101 | 0 | _arus | |
| 102 | _aRU | ||
| 105 | _ab z ||||| | ||
| 200 | 1 |
_aДиагноз и прогноз турбулентности в нижней стратосфере _e(Пособие для синоптиков АМСГ, ЗАМЦ и МГАМЦ) _fПод ред. д-ра геогр. наук Н.В. Петренко _gГл. упр. гидрометеорол. службы при Совете Министров СССР. Гидрометеорол. науч.-исслед. центр СССР |
|
| 210 |
_aЛенинград _cГидрометеоиздат _d1975 |
||
| 215 |
_a20 с. _cграф., карт. _d21 |
||
| 320 | _aСписок лит.: с. 19 (17 назв.) | ||
| 606 |
_aСамолеты сверхзвуковые _xБолтанка _2psbo |
||
| 607 |
_aСтратосфера _xТурбулентность _2psbo |
||
| 700 | 1 |
_aБулдовский _bГ. С. _gГенрих Степанович |
|
| 702 | 1 |
_aПетренко _bН. В. _4340 |
|
| 801 | 0 |
_aRU _bNLR _gpsbo |
|
| 801 | 1 |
_aRU _bELAR _2rusmarc |
|
| 852 |
_aNLR _j75-6/499 |
||
| 942 | _cBOOK | ||
| 980 | _aNB | ||